अग्निपुराणकालीन आर्थिक जीवन / (Record no. 120640)

MARC details
000 -LEADER
fixed length control field 01383nam a22002657a 4500
005 - DATE AND TIME OF LATEST TRANSACTION
control field 20170124103201.0
010 ## - LIBRARY OF CONGRESS CONTROL NUMBER
LC control number B-044184
020 ## - INTERNATIONAL STANDARD BOOK NUMBER
Terms of availability 300.00
International Standard Book Number 8186782664
035 ## - SYSTEM CONTROL NUMBER
System control number B-044184
037 ## - SOURCE OF ACQUISITION
Source of stock number/acquisition Cen Lib/Ret
040 ## - CATALOGING SOURCE
Original cataloging agency DPL
Language of cataloging HN
082 ## - DEWEY DECIMAL CLASSIFICATION NUMBER
Classification number 230.22
Item number शर्मारा
100 ## - MAIN ENTRY--PERSONAL NAME
Personal name शर्मा, राकेश कुमार
9 (RLIN) 91716
245 ## - TITLE STATEMENT
Title अग्निपुराणकालीन आर्थिक जीवन /
Statement of responsibility, etc राकेश कुमार शर्मा
246 ## - VARYING FORM OF TITLE
Title proper/short title Agnipurankaleen arthik jeevan /
Remainder of title by Rakesh Kumar Sharma
260 ## - PUBLICATION, DISTRIBUTION, ETC. (IMPRINT)
Place of publication, distribution, etc जयपुर
Name of publisher, distributor, etc पब्लिकेशन स्कीम
270 ## - ADDRESS
City जयपुर
Address ५७, मिश्रराजाजी का रस्ता
Postal code 302001
300 ## - PHYSICAL DESCRIPTION
Extent 162पृ.
Dimensions 21सेमी(सजिल्द )
500 ## - GENERAL NOTE
General note ग्रन्थ सूची शामिल
650 ## - SUBJECT ADDED ENTRY--TOPICAL TERM
Topical term or geographic name as entry element पुराणों। - अग्निपुराण - आलोचना, व्याख्या, आदि
General subdivision
Geographic subdivision
9 (RLIN) 91717
650 ## - SUBJECT ADDED ENTRY--TOPICAL TERM
Topical term or geographic name as entry element अर्थशास्त्र - धार्मिक पहलुओं - हिंदू धर्म
9 (RLIN) 91718
650 ## - SUBJECT ADDED ENTRY--TOPICAL TERM
Topical term or geographic name as entry element Puranas. -- Agnipurāṇa -- Criticism, interpretation, etc
9 (RLIN) 91719
650 ## - SUBJECT ADDED ENTRY--TOPICAL TERM
Topical term or geographic name as entry element Economics -- Religious aspects -- Hinduism.
9 (RLIN) 91720
942 ## - ADDED ENTRY ELEMENTS (KOHA)
Source of classification or shelving scheme Dewey Decimal Classification
Koha item type Hindi Books
Classification part 230.22
Call number suffix शर्मारा
Holdings
Withdrawn status Lost status Damaged status Not for loan Home library Current library Date acquired Source of acquisition Cost, normal purchase price Total Checkouts Total Renewals Full call number Barcode Date last seen Date checked out Copy number Cost, replacement price Price effective from Koha item type
        Central Library Central Library 23/09/2015 Cen Lib/Ref 300.00 2 1 230.22 शर्मारा B-044184 08/08/2019 20/07/2019 1 300.00 23/09/2015 Hindi Books

© Delhi Public Library
Hit Counter
free hit counter